LEADER 01878oam 2200445M 450 001 9910716329503321 005 20200213070621.8 035 $a(CKB)5470000002520843 035 $a(OCoLC)1065990013 035 $a(OCoLC)995470000002520843 035 $a(EXLCZ)995470000002520843 100 $a20071213d1926 ua 0 101 0 $aeng 135 $aurcn||||||||| 181 $ctxt$2rdacontent 182 $cc$2rdamedia 183 $acr$2rdacarrier 200 10$aExtension of the time limitations under which patents were issued in the case of persons who served in the armed forces of the United States during the World War. June 30, 1926. -- Referred to the House Calendar and ordered to be printed 210 1$a[Washington, D.C.] :$c[U.S. Government Printing Office],$d1926. 215 $a1 online resource (1 page) 225 1 $aHouse report / 69th Congress, 1st session. House ;$vno. 1574 225 1 $a[United States congressional serial set ] ;$v[serial no. 8534] 300 $aBatch processed record: Metadata reviewed, not verified. Some fields updated by batch processes. 300 $aFDLP item number not assigned. 606 $aPatent extensions 606 $aWorld War, 1914-1918 606 $aVeterans 608 $aLegislative materials.$2lcgft 615 0$aPatent extensions. 615 0$aWorld War, 1914-1918. 615 0$aVeterans. 701 $aVestal$b Albert H$g(Albert Henry),$f1875-1932$pRepublican (IN)$01387992 801 0$bWYU 801 1$bWYU 801 2$bOCLCO 801 2$bOCLCQ 906 $aBOOK 912 $a9910716329503321 996 $aExtension of the time limitations under which patents were issued in the case of persons who served in the armed forces of the United States during the World War. June 30, 1926. -- Referred to the House Calendar and ordered to be printed$93463169 997 $aUNINA LEADER 02106oas 2200625 a 450 001 9910144788103321 005 20250701213019.0 011 $a1719-4423 035 $a(OCoLC)1083316314 035 $a(CONSER)cf2006701830 035 $a(CKB)991042732733752 035 $a(EXLCZ)99991042732733752 100 $a20060410a20029999 sa a 101 0 $afre 135 $aurcn||||||||| 181 $ctxt$2rdacontent/fre 182 $cc$2rdamedia/fre 200 10$aHousing information monthly =$eBulletin mensuel d'information sur le logement 210 $a[Ottawa] $cMarket Analysis Centre, CMHC = Centre d'analyse de marche?, SCHL$dİ2002- 300 $aTitre de l'e?cran-titre (visionne? le 10 avril 2006). 300 $aDiffuse? par le Programme des services de de?po?t du Gouvernement du Canada. 300 $aSite Web de l'e?diteur: http://www.cmhc-schl.gc.ca. 311 08$a1192-7984 517 3 $aBulletin mensuel d'information sur le logement 606 $aLogement$zCanada$vStatistiques$vPe?riodiques 606 $aHousing$zCanada$xStatistics$xPeriodicals 606 $aLogement$zCanada$xStatistiques$xPe?riodiques 606 $aHousing$xStatistics$2fast$3(OCoLC)fst00962350 607 $aCanada$2fast$1https://id.oclc.org/worldcat/entity/E39PBJkMHVW4rfVXPrhVP4VwG3 608 $aPeriodicals.$2fast 608 $aPe?riodiques nume?riques.$2rvmgf 615 0$aLogement 615 0$aHousing$xStatistics$xPeriodicals. 615 6$aLogement$xStatistiques$xPe?riodiques. 615 7$aHousing$xStatistics. 676 $a363.5 686 $acci1icc$2lacc 686 $acoll14$2lacc 712 02$aSocie?te? canadienne d'hypothe?ques et de logement.$bCentre d'analyse du marche?. 801 0$bNLC 801 1$bNLC 801 2$bOCLCO 801 2$bOCLCF 801 2$bSXT 801 2$bOCLCQ 801 2$bMUQ 801 2$bOCLCO 801 2$bOCLCQ 801 2$bOCLCO 801 2$bOCL 801 2$bOCLCL 906 $aJOURNAL 912 $a9910144788103321 996 $aHousing information monthly$92426443 997 $aUNINA